Sports Quiz

Random Sports or State Quiz

England T20I Captains Quiz Stats

 Plays Quiz not verified by Sporcle

Challenge
Share
Tweet
Embed
Score 0/9 Timer 03:00
0 Plays Today
Span Captain % Correct
30 matches, 2007-11Paul Collingwood
100%
27 matches, 2011-14Stuart Broad
100%
3 matches, 2006-09Andrew Strauss
96.7%
2 matches, 2005-07Michael Vaughan
96.7%
4 matches, 2015-Jos Buttler
95.7%
33 matches, 2012-Eoin Morgan
91.8%
1 match, 2009 vs SAAlastair Cook
91.8%
3 matches, 2011Graeme Swann
82%
1 match 2013 vs NZJames Tredwell
62.5%

You're not logged in!

Compare scores with friends on all Sporcle quizzes.
OR
Log In

You Might Also Like...

Show Comments

Extras

Top Quizzes Today


Score Distribution

Your Account Isn't Verified!

In order to create a playlist on Sporcle, you need to verify the email address you used during registration. Go to your Sporcle Settings to finish the process.

Report this User

Report this user for behavior that violates our Community Guidelines.

Details: